<?xml version="1.0" encoding="UTF-8"?>
<record
    xmlns:xsi="http://www.w3.org/2001/XMLSchema-instance"
    xsi:schemaLocation="http://www.loc.gov/MARC21/slim http://www.loc.gov/standards/marcxml/schema/MARC21slim.xsd"
    xmlns="http://www.loc.gov/MARC21/slim">

  <leader>01126nam a22002057a 4500</leader>
  <controlfield tag="005">20250108151054.0</controlfield>
  <datafield tag="010" ind1=" " ind2=" ">
    <subfield code="a">B-761597</subfield>
  </datafield>
  <datafield tag="020" ind1=" " ind2=" ">
    <subfield code="a">9789390838332</subfield>
    <subfield code="c">599.00</subfield>
  </datafield>
  <datafield tag="035" ind1=" " ind2=" ">
    <subfield code="a">B-755712</subfield>
  </datafield>
  <datafield tag="037" ind1=" " ind2=" ">
    <subfield code="b">&#x909;&#x92A;&#x939;&#x93E;&#x930; </subfield>
  </datafield>
  <datafield tag="082" ind1=" " ind2=" ">
    <subfield code="a">388</subfield>
    <subfield code="b">1</subfield>
  </datafield>
  <datafield tag="100" ind1=" " ind2=" ">
    <subfield code="a">&#x92A;&#x93E;&#x923;&#x94D;&#x921;&#x947;&#x92F;, &#x905;&#x916;&#x93F;&#x932;</subfield>
    <subfield code="9">76107</subfield>
  </datafield>
  <datafield tag="245" ind1=" " ind2=" ">
    <subfield code="a">&#x92F;&#x942;&#x930;&#x94B;&#x921;&#x948;&#x936;' 79: &#x90F;&#x915; &#x916;&#x94B;&#x91C;&#x903;</subfield>
    <subfield code="b">&#x91C;&#x94D;&#x91E;&#x93E;&#x928;, &#x938;&#x902;&#x938;&#x94D;&#x915;&#x943;&#x924;&#x93F; &#x914;&#x930; &#x92E;&#x942;&#x932;&#x94D;&#x92F;&#x94B;&#x902; &#x938;&#x947; &#x92A;&#x94D;&#x930;&#x947;&#x930;&#x93F;&#x924; &#x90F;&#x915; &#x905;&#x925;&#x915; &#x916;&#x94B;&#x91C; /</subfield>
    <subfield code="c">&#x905;&#x916;&#x93F;&#x932; &#x92A;&#x93E;&#x923;&#x94D;&#x921;&#x947;&#x92F;: &#x930;&#x93E;&#x927;&#x93E; &#x91C;&#x928;&#x93E;&#x930;&#x94D;&#x926;&#x928; &#x926;&#x94D;&#x935;&#x93E;&#x930;&#x93E; &#x905;&#x928;&#x941;&#x935;&#x93E;&#x926;&#x93F;&#x924;</subfield>
  </datafield>
  <datafield tag="260" ind1=" " ind2=" ">
    <subfield code="a">&#x928;&#x908; &#x926;&#x93F;&#x932;&#x94D;&#x932;&#x940; </subfield>
    <subfield code="b">&#x926;&#x940; &#x92C;&#x941;&#x915; &#x932;&#x93E;&#x907;&#x928; </subfield>
    <subfield code="c">2022</subfield>
  </datafield>
  <datafield tag="270" ind1=" " ind2=" ">
    <subfield code="a">106, 4787/23 &#x92A;&#x94D;&#x930;&#x925;&#x92E; &#x924;&#x932; , &#x905;&#x902;&#x938;&#x93E;&#x930;&#x940; &#x930;&#x94B;&#x921; , &#x926;&#x930;&#x93F;&#x92F;&#x93E; &#x917;&#x902;&#x91C; </subfield>
    <subfield code="b">&#x928;&#x908; &#x926;&#x93F;&#x932;&#x94D;&#x932;&#x940; </subfield>
    <subfield code="e">110002</subfield>
  </datafield>
  <datafield tag="300" ind1=" " ind2=" ">
    <subfield code="a">380 &#x92A;&#x943;.</subfield>
    <subfield code="b">24 &#x938;&#x947;&#x92E;&#x940; (&#x905;&#x91C;&#x93F;&#x932;&#x94D;&#x926;)</subfield>
  </datafield>
  <datafield tag="700" ind1=" " ind2=" ">
    <subfield code="a">&#x91C;&#x928;&#x93E;&#x930;&#x94D;&#x926;&#x928;, &#x930;&#x93E;&#x927;&#x93E;</subfield>
    <subfield code="9">76108</subfield>
  </datafield>
  <datafield tag="942" ind1=" " ind2=" ">
    <subfield code="2">ddc</subfield>
    <subfield code="c">HN</subfield>
    <subfield code="h">388</subfield>
    <subfield code="m">&#x92A;&#x93E;&#x923;&#x94D;&#x921;&#x947;&#x92F;</subfield>
  </datafield>
  <datafield tag="999" ind1=" " ind2=" ">
    <subfield code="c">208209</subfield>
    <subfield code="d">208209</subfield>
  </datafield>
  <datafield tag="952" ind1=" " ind2=" ">
    <subfield code="0">0</subfield>
    <subfield code="1">0</subfield>
    <subfield code="4">0</subfield>
    <subfield code="7">0</subfield>
    <subfield code="8">NFIC</subfield>
    <subfield code="a">RC3SP</subfield>
    <subfield code="b">RC3SP</subfield>
    <subfield code="d">2025-01-08</subfield>
    <subfield code="e">&#x909;&#x92A;&#x939;&#x93E;&#x930; /06/01/2025</subfield>
    <subfield code="g">599.00</subfield>
    <subfield code="l">0</subfield>
    <subfield code="o">388 &#x92A;&#x93E;&#x923;&#x94D;&#x921;&#x947;&#x92F;</subfield>
    <subfield code="p">B-761597</subfield>
    <subfield code="r">2025-01-08 00:00:00</subfield>
    <subfield code="t">1</subfield>
    <subfield code="v">599.00</subfield>
    <subfield code="w">2025-01-08</subfield>
    <subfield code="y">HN</subfield>
    <subfield code="z">&#x909;&#x92A;&#x939;&#x93E;&#x930; </subfield>
  </datafield>
</record>
